PRINCIPLES OF ORGANIC SYNTHESIS (Record no. 34460)

MARC details
000 -LEADER
fixed length control field 00319nam a22001457a 4500
003 - CONTROL NUMBER IDENTIFIER
control field SGT
020 ## - INTERNATIONAL STANDARD BOOK NUMBER
International Standard Book Number 9781138098688
082 ## - DEWEY DECIMAL CLASSIFICATION NUMBER
Classification number 547.2
Item number NOR
100 ## - MAIN ENTRY--PERSONAL NAME
Personal name NORMAN R.O.C
245 ## - TITLE STATEMENT
Title PRINCIPLES OF ORGANIC SYNTHESIS
250 ## - EDITION STATEMENT
Edition statement 3RD
260 ## - PUBLICATION, DISTRIBUTION, ETC. (IMPRINT)
Place of publication, distribution, etc LONDON
Name of publisher, distributor, etc CRC PRESS PUB
Year of Publication 2023
300 ## - PAGE DESCRIPTION
No. of Pages 811
942 ## - ADDED ENTRY ELEMENTS (KOHA)
Source of classification or shelving scheme Dewey Decimal Classification
Koha item type Books
Holdings
Withdrawn status Lost status Source of classification or shelving scheme Damaged status Not for loan Collection code Home library Current library Shelving location Date acquired Vendor Name Cost, normal purchase price SGTU Bill Number Total Checkouts Full call number Accession No. (Barcode) Date last seen Bill Date Koha item type
    Dewey Decimal Classification     SCIENCE SGT Science & Social Sciences Library SGT Science & Social Sciences Library Text Book 26/03/2026 ABC 1595.00 SGTU 22597   547.2 NOR DP1961 26/03/2026 09/03/2026 Books